|
|
|
|
| LEADER |
00000nab a2200000 ar4500 |
| 001 |
vtls010881096 |
| 003 |
SK-MaSNL |
| 005 |
20260305040841.0 |
| 008 |
150929c20140104xo mr|p|||||||000 b|slo |
| 038 |
|
|
|a SNSK
|
| 040 |
|
|
|b slo
|c SNSK
|e AACR2
|
| 041 |
|
|
|a slo
|
| 044 |
|
|
|a xo
|c SK
|
| 080 |
|
|
|a 614.8.069
|2 2001
|
| 080 |
|
|
|a 624.19
|x (437.67)
|2 2001
|
| 080 |
|
|
|a 331.467
|2 2001
|
| 245 |
0 |
0 |
|a Výbuch v tuneli
|b trestné stíhanie zastavili
|c [autor] (šim)
|
| 300 |
|
|
|b Fotogr.
|
| 650 |
0 |
7 |
|a výbuchy
|2 snsk
|9 29936
|
| 650 |
0 |
7 |
|a smrteľné úrazy
|2 snsk
|9 50833
|
| 650 |
0 |
7 |
|a vyšetrovanie a dokazovanie
|2 snsk
|9 831134
|
| 650 |
0 |
7 |
|a trestné stíhanie
|2 snsk
|9 67523
|
| 651 |
|
7 |
|a Levoča (Slovensko : okres)
|2 snsk
|9 30131
|
| 651 |
|
7 |
|a Šibenik (Slovensko : tunel)
|2 snsk
|9 163997
|
| 773 |
0 |
|
|t Spišskonovoveský Korzár : týždenník
|g Roč. III., č. 13 (1.4.2014), s. 3
|x 1338-841X
|
| 852 |
|
|
|a SNSK
|b KIS3GCP
|
| 999 |
|
|
|c 3340656
|d 3342586
|